|
|
|
|
| LEADER |
01928cas a2200253 a 4500 |
| 001 |
AALejournalIMF021533 |
| 008 |
230101c9999 xx r poo 0 0eng d |
| 020 |
|
|
|c 5.00 USD
|
| 020 |
|
|
|z 9781513570044
|
| 022 |
|
|
|a 1018-5941
|
| 040 |
|
|
|a BD-DhAAL
|c BD-DhAAL
|
| 100 |
1 |
|
|a Ganum, Paola.
|
| 245 |
1 |
0 |
|a Post-Covid-19 Recovery and Resilience :
|b Leveraging Reforms for Growth and Inclusion in Sub-Saharan Africa /
|c Paola Ganum, Vimal Thakoor.
|
| 264 |
|
1 |
|a Washington, D.C. :
|b International Monetary Fund,
|c 2021.
|
| 300 |
|
|
|a 1 online resource (33 pages)
|
| 490 |
1 |
|
|a IMF Working Papers
|
| 500 |
|
|
|a <strong>Off-Campus Access:</strong> No User ID or Password Required
|
| 500 |
|
|
|a <strong>On-Campus Access:</strong> No User ID or Password Required
|
| 506 |
|
|
|a Electronic access restricted to authorized BRAC University faculty, staff and students
|
| 520 |
3 |
|
|a Covid-19 has exacerbated economic and social vulnerabilities across Sub-Saharan Africa (SSA). There is a risk that growth could be lower for longer, with a setback to development. Post-pandemic reforms thus become even more important, especially with constrained scope for fiscal and monetary stimuli. Reforms could boost per capita growth by an additional 0.3-1.3 percentage points, relative to the 1.9 percent average since 2010. Such growth would reduce per capita income doubling time from 37 years to about 22 years. Low-income countries stand to gain the most from reforms. The largest gains come from governance, products markets, and factor accumulation. Importantly, these reforms can be implemented in the post-pandemic environment characterized by weaker social and distributional outcomes.
|
| 538 |
|
|
|a Mode of access: Internet
|
| 700 |
1 |
|
|a Thakoor, Vimal.
|
| 830 |
|
0 |
|a IMF Working Papers; Working Paper ;
|v No. 2021/045
|
| 856 |
4 |
0 |
|z Full text available on IMF
|u http://elibrary.imf.org/view/journals/001/2021/045/001.2021.issue-045-en.xml
|z IMF e-Library
|